Собрание сочинений. Т. 4: Произведения, 1907-1924 (Запись № 7170446)

Подробности
000 -МАРКЕР
контрольное поле 02118nam2a22003971 4500
001 - ИДЕНТИФИКАТОР ЗАПИСИ
контрольное поле rc\65551
005 - ИДЕНТИФИКАТОР ВЕРСИИ
контрольное поле 20250620193639.0
010 ## - МЕЖДУНАРОДНЫЙ СТАНДАРТНЫЙ НОМЕР КНИГИ (ISBN)
Номер (ISBN) 5-239-01696-8
Тираж 30000
035 ## - ДРУГИЕ СИСТЕМНЫЕ НОМЕРА
Идентификатор записи (NLR Aleph) 005389013
100 ## - ДАННЫЕ ОБЩЕЙ ОБРАБОТКИ
Данные общей обработки 20021216d1995 |||y0rusy50 ca
101 0# - ЯЗЫК РЕСУРСА
Язык текста, звукозаписи и т.д. русский
102 ## - СТРАНА ПУБЛИКАЦИИ ИЛИ ПРОИЗВОДСТВА
Страна публикации Российская Федерация
105 ## - ПОЛЕ КОДИРОВАННЫХ ДАННЫХ: ТЕКСТОВЫЕ МАТЕРИАЛЫ, МОНОГРАФИЧЕСКИЕ
Кодированные данные о монографическом текстовом документе a |||||||||
200 1# - ЗАГЛАВИЕ И СВЕДЕНИЯ ОБ ОТВЕТСТВЕННОСТИ
Основное заглавие Произведения, 1907-1924
Первые сведения об ответственности [Статьи А. Черного, Л. Ростовского]
210 ## - ПУБЛИКАЦИЯ, РАСПРОСТРАНЕНИЕ И ДР.
Дата издания, распространения и т.д. 1995
Место издания, распространения и т.д. Б. м.
215 ## - ФИЗИЧЕСКАЯ ХАРАКТЕРИСТИКА
Специфическое обозначение материала и объем 525, [1] с., [17] л. ил.
320 ## - ПРИМЕЧАНИЯ О НАЛИЧИИ В ДОКУМЕНТЕ БИБЛИОГРАФИИ / УКАЗАТЕЛЯ
Текст примечания Библиогр. в примеч.: с. 474-524
327 0# - ПРИМЕЧАНИЯ О СОДЕРЖАНИИ
Текст примечания Содерж.: Тень Птицы; Море богов; Дельта; Свет Зодиака; Иудея; Камень; Шеол; Пустыня дьявола; Страна содомская; Храм Солнца, и др. произведения
461 #0 - УРОВЕНЬ НАБОРА
Встроенное поле 001rc\65547
-- 2001#$aСобрание сочинений$eВ 8 т.$fИ.А. Бунин$g[Сост., коммент., подгот. текста и подбор ил. к тт. 1-8 А.К. Бабореко$gВступ. ст. Ф.А. Степуна]$vТ. 4
-- 700#1$aБунин$bИ.А.$gИван Алексеевич$f1870-1953
Системный номер (АБИС) связанной записи 7170411
Автор Бунин, И. А. (1870-1953)
Место публикации М.
Дата публикации 1993-
Первые сведения об ответственности И.А. Бунин
Имя издателя, распространителя и т.д. Моск. рабочий
Сведения, относящиеся к заглавию В 8 т.
Заглавие Собрание сочинений
ISBN 5239016550
Номер тома Т. 4
464 #0 - АНАЛИТИЧЕСКИЙ УРОВЕНЬ
Встроенное поле 2001#$aТень Птицы
Заглавие Тень Птицы
464 #0 - АНАЛИТИЧЕСКИЙ УРОВЕНЬ
Встроенное поле 2001#$aМоре богов
Заглавие Море богов
464 #0 - АНАЛИТИЧЕСКИЙ УРОВЕНЬ
Встроенное поле 2001#$aДельта
Заглавие Дельта
464 #0 - АНАЛИТИЧЕСКИЙ УРОВЕНЬ
Встроенное поле 2001#$aСвет Зодиака
Заглавие Свет Зодиака
464 #0 - АНАЛИТИЧЕСКИЙ УРОВЕНЬ
Встроенное поле 2001#$aИудея
Заглавие Иудея
464 #0 - АНАЛИТИЧЕСКИЙ УРОВЕНЬ
Встроенное поле 2001#$aКамень
Заглавие Камень
464 #0 - АНАЛИТИЧЕСКИЙ УРОВЕНЬ
Встроенное поле 2001#$aШеол
Заглавие Шеол
464 #0 - АНАЛИТИЧЕСКИЙ УРОВЕНЬ
Встроенное поле 2001#$aПустыня дьявола
Заглавие Пустыня дьявола
464 #0 - АНАЛИТИЧЕСКИЙ УРОВЕНЬ
Встроенное поле 2001#$aСтрана содомская
Заглавие Страна содомская
464 #0 - АНАЛИТИЧЕСКИЙ УРОВЕНЬ
Встроенное поле 2001#$aХрам Солнца
Заглавие Храм Солнца
801 #0 - ИСТОЧНИК ЗАПИСИ
Страна Российская Федерация
Организация NLR
Правила каталогизации psbo
801 #1 - ИСТОЧНИК ЗАПИСИ
Страна Российская Федерация
Организация ELAR
Источник данных rusmarc
852 ## - МЕСТОНАХОЖДЕНИЕ И ШИФР ХРАНЕНИЯ
Идентификатор организации NLR
Шифр хранения (Call Number) 93-3/6344
942 ## - ДОПОЛНИТЕЛЬНЫЕ ЭЛЕМЕНТЫ ЗАПИСИ (АБИС)
Тип экземпляра АБИС Книга
980 ## - КОЛЛЕКЦИЯ
Название коллекции Национальная библиография
Экземпляры
Тип экземпляра Дата поступления Библиотека постоянного хранения Библиотека текущего хранения Место хранения Шифр хранения Штрих-код Статус экземпляра
Книга 26.10.2013 РНБ (Московский) РНБ (Московский) Русский книжный фонд: издания с 1957 года 93-3/6344 1-178006